Синтез и исследование каталитической активности арен-рутениевых комплексов; Химия и химическая технология в XXI веке

Dettagli Bibliografici
Parent link:Химия и химическая технология в XXI веке.— 2018.— [С. 226]
Autore principale: Рыгин И. Д.
Ente Autore: Национальный исследовательский Томский политехнический университет (ТПУ) Управление проректора по научной работе и инновациям (НРиИ) Центр RASA в Томске Лаборатория изучения механизмов нейропротекции (Лаб. ИМН)
Altri autori: Матвеевская В. В. (научный руководитель), Потапов А. С. Андрей Сергеевич
Riassunto:Заглавие с экрана
Lingua:russo
Pubblicazione: 2018
Serie:Химия и химическая технология органических веществ и материалов
Soggetti:
Accesso online:http://earchive.tpu.ru/handle/11683/49697
Natura: MixedMaterials Elettronico Capitolo di libro
KOHA link:https://koha.lib.tpu.ru/cgi-bin/koha/opac-detail.pl?biblionumber=626860

MARC

LEADER 00000naa2a2200000 4500
001 626860
005 20231101133431.0
035 |a (RuTPU)RU\TPU\conf\26514 
035 |a RU\TPU\conf\26511 
090 |a 626860 
100 |a 20180806d2018 k y0rusy50 ca 
101 0 |a rus 
102 |a RU 
105 |a y z 101zy 
135 |a drgn ---uucaa 
181 0 |a i  
182 0 |a b 
200 1 |a Синтез и исследование каталитической активности арен-рутениевых комплексов  |f И. Д. Рыгин, В. В. Матвеевская, А. С. Потапов  |g науч. рук. А. С. Потапов 
203 |a Текст  |c электронный 
225 1 |a Химия и химическая технология органических веществ и материалов 
230 |a 1 компьютерный файл (pdf; 723 Kb) 
300 |a Заглавие с экрана 
463 0 |0 (RuTPU)RU\TPU\conf\26227  |t Химия и химическая технология в XXI веке  |o материалы XIX Международной научно-практической конференции студентов и молодых ученых имени профессора Л. П. Кулёва, 21-24 мая 2018 г., г. Томск  |f Национальный исследовательский Томский политехнический университет  |v [С. 226]  |d 2018 
610 1 |a электронный ресурс 
610 1 |a труды учёных ТПУ 
610 1 |a синтез 
610 1 |a каталитическая активность 
610 1 |a фотофизические свойства 
610 1 |a электрохимические свойства 
610 1 |a лиганды 
610 1 |a арены 
610 1 |a рутений 
610 1 |a комплексы 
700 1 |a Рыгин  |b И. Д. 
701 1 |a Матвеевская  |b В. В. 
701 1 |a Потапов  |b А. С.  |c химик  |c профессор Томского политехнического университета, доктор химических наук  |f 1981-  |g Андрей Сергеевич  |2 stltpush  |3 (RuTPU)RU\TPU\pers\33902 
702 1 |a Потапов  |b А. С.  |c химик  |c профессор Томского политехнического университета, доктор химических наук  |f 1981-  |g Андрей Сергеевич  |2 stltpush  |4 727 
712 0 2 |a Национальный исследовательский Томский политехнический университет (ТПУ)  |b Управление проректора по научной работе и инновациям (НРиИ)  |b Центр RASA в Томске  |b Лаборатория изучения механизмов нейропротекции (Лаб. ИМН)  |h 7608  |2 stltpush  |3 (RuTPU)RU\TPU\col\21815 
801 2 |a RU  |b 63413507  |c 20180821  |g RCR 
856 4 |u http://earchive.tpu.ru/handle/11683/49697 
942 |c BK